सावित्रीबाई फुले (भाग ४ था) (Record no. 494520)

MARC details
000 -LEADER
fixed length control field 00743nam a22001937a 4500
003 - CONTROL NUMBER IDENTIFIER
control field OSt
005 - DATE AND TIME OF LATEST TRANSACTION
control field 20120302151423.0
008 - FIXED-LENGTH DATA ELEMENTS--GENERAL INFORMATION
fixed length control field 091106t xxu||||| |||| 00| 0 eng d
035 ## - SYSTEM CONTROL NUMBER
System control number १५८८४
040 ## - CATALOGING SOURCE
Transcribing agency मराठी
100 ## - MAIN ENTRY--PERSONAL NAME
Personal name हिवराळे, सुखराम
9 (RLIN) 9769
222 ## - KEY TITLE
Key title समाजसुधारक/ स्त्री/ स्त्री चरित्र/ चरित्र
245 ## - TITLE STATEMENT
Title सावित्रीबाई फुले (भाग ४ था)
250 ## - EDITION STATEMENT
Edition statement १ ली
260 ## - PUBLICATION, DISTRIBUTION, ETC. (IMPRINT)
Place of publication, distribution, etc कोल्हापूर
Name of publisher, distributor, etc प्रचार
Date of publication, distribution, etc १९९१
300 ## - PHYSICAL DESCRIPTION
Other physical details १८ पाने
440 ## - SERIES STATEMENT/ADDED ENTRY--TITLE
Title प्रचार संस्कारमाला
9 (RLIN) 9771
942 ## - ADDED ENTRY ELEMENTS (KOHA)
Source of classification or shelving scheme Dewey Decimal Classification
Koha item type Book
Holdings
Withdrawn status Lost status Source of classification or shelving scheme Damaged status Not for loan Home library Current library Date acquired Cost, normal purchase price Total Checkouts Full call number Barcode Date last seen Price effective from
    Dewey Decimal Classification     Dr. Bedekar Vidya Mandir Library Dr. Bedekar Vidya Mandir Library 11/06/2009 0.00   M920.72/HIV 15884 03/19/2010 03/19/2010